| 000 -ლიდერი |
| ფიქსირებული სიგრძის საკონტროლო ველი |
01706nam a22002417a 4500 |
| 003 - საკონტროლო ნომრის იდენტიფიკატორი |
| საკონტროლო ველი |
Ge_BSU |
| 005 - ბოლო ოპერაციის თარიღი და დრო |
| საკონტროლო ველი |
20221007111702.0 |
| 008 - ფიქსირებული სიგრძის მონაცემთა ელემენტები - ზოგადი ინფორმაცია |
| ფიქსირებული სიგრძის საკონტროლო ველი |
221007s2007 ge ||||| |||| 00| 0 geo d |
| 020 ## - წიგნის საერთაშორისო სტანდარტული ნომერი |
| International Standard Book Number |
978992892558 |
| 041 ## - ენის კოდი |
| Language code of text/sound track or separate title |
geo |
| 080 ## - უნივერსალური ათობითი კლასიფიკაციის ინდექსი |
| Universal Decimal Classification number |
1(430) ი-76 |
| 245 ## - ცნობა სათაურის შესახებ |
| Title |
ნიცშე საქართველოში : |
| Remainder of title |
ეძღვნება თამაზ ბუაჩიძის ნათელ ხსოვნას / |
| Statement of responsibility, etc |
[ფილოსოფ. ინ-ტი, ქართ. და უცხ. ფილოს. ისტ. განყ-ბა, გრ. რობაქიძის უნ-ტის ჰუმანიტ. და სოც.-პოლიტ. მეცნ. ფაკ., შოთა რუსთაველის სახელმწ. უნ-ტი, ფილოსოფ. დეპარტამენტი] ; რედ.-შემდგ. თენგიზ ირემაძე ; [რედ.: ლალი ზაქარაძე და სხვ.]. |
| 264 ## - წარმოების, გამოცემის, დისტრიბუციის და სხვა ცნობები |
| გამოცემის, წარმოების, დისტრიბუციის... ადგილი |
თბ. : |
| გამოცემის, წარმოების, დისტრიბუციის... სახელწოდება |
არხე : [ალექსანდრე ალადაშვილი], |
| გამოცემის, წარმოების, დისტრიბუციის... თარიღი |
2007. |
| 300 ## - ფიზიკური აღწერა |
| Extent |
244 გვ. ; |
| Other physical details |
20 სმ. |
| 490 ## - სერიის ცნობა |
| Series statement |
ფილოსოფია, სოციოლოგია, |
| Volume number/sequential designation |
მედიის თეორია ; 1 |
| 501 ## - შენიშვნა თანმხლებ მასალაზე |
| With note |
სახ. საძ.: გვ. 235-238. |
| 504 ## - BIBLIOGRAPHY, ETC. NOTE |
| Bibliography, etc |
ბიბლიოგრ. ტექსტ. შენიშვნ. და გვ. 204-234. |
| 653 ## - INDEX TERM--UNCONTROLLED |
| Uncontrolled term |
ნიცშე, ფრიდრიხ |
| 653 ## - INDEX TERM--UNCONTROLLED |
| Uncontrolled term |
ნიცშე, ფრიდრიხ. |
| 653 ## - INDEX TERM--UNCONTROLLED |
| Uncontrolled term |
ქართველი ფილოსოფოსები |
| 700 ## - ADDED ENTRY--PERSONAL NAME |
| Personal name |
ირემაძე, თენგიზ |
| Relator term |
რედ.-შემდგ |
| 9 (RLIN) |
2229 |
| 942 ## - ADDED ENTRY ELEMENTS (KOHA) |
| Source of classification or shelving scheme |
|
| Koha item type |
წიგნი |